| 000 | 01367cam a2200373 a 4500 | ||
|---|---|---|---|
| 001 | 42264 | ||
| 003 | BD-RjUL | ||
| 005 | 20211209053520.0 | ||
| 008 | 160611s1982 cou b 001 0 eng | ||
| 020 | _a0865311897 | ||
| 035 | _a(BD-RjUL) 42382 | ||
| 035 | _a387937 | ||
| 040 |
_aLC _beng _cLC _dXNTU _d(BD-RjUL) |
||
| 041 | _aeng | ||
| 082 | 0 | 4 |
_a332.153 _219 _bSAU 1982 |
| 100 | 1 |
_aSanford, Jonathan E. _9129972 |
|
| 245 | 1 | 0 |
_aU.S. foreign policy and multilateral development banks / _cJonathan E. Sanford. |
| 246 | 3 | _aUnited States foreign policy and multilateral development banks | |
| 246 | 3 | _aUS foreign policy and multilateral development banks | |
| 260 |
_aBoulder, Colo. : _bWestview Press, _c1982. |
||
| 300 |
_axiv, 279 p. ; _c24 cm. |
||
| 500 | _aIncludes index. | ||
| 504 | _aBibliography: p. 263-272. | ||
| 650 | 0 |
_aFinancial institutions, International. _9129974 |
|
| 650 | 0 |
_aDevelopment banks. _9129975 |
|
| 650 | 0 |
_aEconomic assistance, American. _9129976 |
|
| 651 | 0 |
_aUnited States _xForeign relations _y1945-1989. _9129977 |
|
| 740 | 0 | _aUnited States foreign policy and multilateral development banks. | |
| 740 | 0 | _aUS foreign policy and multilateral development banks. | |
| 942 |
_2ddc _cBK |
||
| 999 |
_c42264 _d42264 |
||